| 000 | 01279nam a2200373 u 4500 | ||
|---|---|---|---|
| 003 | MX-MxUPN | ||
| 005 | 20241012063702.0 | ||
| 008 | 120213s2005 es r 000 0 spa d | ||
| 020 | _a8426132278 | ||
| 020 | _a9788426132277 | ||
| 035 | _aUPN01000183413 | ||
| 040 |
_aMX-MxUPN _bspa _cMX-MxUPN |
||
| 041 |
_aspa _hswe |
||
| 050 | 1 | 4 |
_aPT9875 L598 _bA94 2005 |
| 100 | 1 |
_aLindgren, Astrid, _d1907-2002 _931057 |
|
| 240 | 1 | 0 |
_aEmil I Lönneberga, nya hyss Av Emill I Lönnberga. _lEspañol |
| 245 | 1 | 4 | _aLas aventuras de Miguel el travieso |
| 250 | _aSegunda edición | ||
| 260 |
_aBarcelona : _bEditorial Juventud, _c2005. |
||
| 300 |
_a197 páginas : _bilustraciones |
||
| 490 | 0 | _aColección juventud | |
| 505 | 0 |
_t[1] Miguel el travieso -- _t[2] Nuevas aventuras de Miguel el travieso. |
|
| 534 |
_pTítulo original: _tEmil I lônneberga : nya hyss av Emil I lönneberga |
||
| 650 | 2 |
_aLiteratura juvenil sueca _915052 |
|
| 650 | 4 |
_aRelaciones de familia _96077 |
|
| 700 | 1 |
_aEscanilla de Bejarano, Marina _etraducción _950028 |
|
| 700 | 1 |
_954034 _aBerg, Björn, _eilustración |
|
| 740 | 0 | _aMiguel el travieso | |
| 740 | 0 | _aNuevas aventuras de Miguel | |
| 902 | _bMaríaRobles/111024 | ||
| 905 | _aLibro | ||
| 942 |
_2lcc _cLIBRO _n0 |
||
| 999 |
_c155516 _d155516 |
||